<?xml version="1.0" encoding="UTF-8"?>
<marc:record xmlns:marc="http://www.loc.gov/MARC21/slim">
   <marc:leader>00000nam a2200000 a 4500</marc:leader>
   <marc:datafield ind1="1" ind2=" " tag="100">
      <marc:subfield code="a">Stuflesser, Martin</marc:subfield>
      <marc:subfield code="4">aut</marc:subfield>
      <marc:subfield code="e">Verfasser/-in</marc:subfield>
   </marc:datafield>
   <marc:datafield ind1=" " ind2=" " tag="653">
      <marc:subfield code="a">Softcover</marc:subfield>
   </marc:datafield>
   <marc:datafield ind1=" " ind2=" " tag="653">
      <marc:subfield code="a">Karte</marc:subfield>
   </marc:datafield>
   <marc:datafield ind1=" " ind2=" " tag="653">
      <marc:subfield code="a">Theologie / Praktische Theologie</marc:subfield>
   </marc:datafield>
   <marc:datafield ind1="0" ind2="0" tag="245">
      <marc:subfield code="a">Grundkurs Liturgie</marc:subfield>
   </marc:datafield>
   <marc:datafield ind1="0" ind2="0" tag="245">
      <marc:subfield code="c">Martin Stuflesser ; Stephan Winter</marc:subfield>
   </marc:datafield>
   <marc:datafield ind1=" " ind2="1" tag="264">
      <marc:subfield code="a">Regensburg</marc:subfield>
      <marc:subfield code="b">Pustet</marc:subfield>
      <marc:subfield code="c">2004</marc:subfield>
   </marc:datafield>
   <marc:datafield ind1="1" ind2=" " tag="520">
      <marc:subfield code="a">Der zweite Band stellt die Liturgie der Eingliederung in die Kirche dar: . Wie wird man Christ? In der frühen Kirche und heute? . Warum gibt es 2 bzw. 3 Sakramente der Initiation? . Was bewirken Taufe und Firmung? . Was ist ihre theologische Bedeutung? . Entscheidung zum Glauben - das Problem der Kindertaufe . Die Firmung - ein Sakrament in der Diskussion . Die größte Neuerung des II. Vatikanischen Konzils? Der Erwachsenenkatechumenat Diese und andere Fragen werden im zweiten Band besprochen, indem vor dem Hintergrund der Entwicklung der historischen Feierformen heutige liturgische und pastorale Fragen erörtert werden.</marc:subfield>
   </marc:datafield>
   <marc:datafield ind1=" " ind2=" " tag="020">
      <marc:subfield code="a">9783791718965</marc:subfield>
      <marc:subfield code="9">9783791718965</marc:subfield>
   </marc:datafield>
   <marc:datafield ind1=" " ind2=" " tag="020">
      <marc:subfield code="a">3791718967</marc:subfield>
      <marc:subfield code="9">3791718967</marc:subfield>
   </marc:datafield>
   <marc:datafield ind1=" " ind2=" " tag="041">
      <marc:subfield code="a">ger</marc:subfield>
   </marc:datafield>
   <marc:datafield ind1=" " ind2=" " tag="300">
      <marc:subfield code="a">115 S.</marc:subfield>
   </marc:datafield>
</marc:record>
